Trendy vo svete retailových bánk

Bibliographic Details
Main Author: Machala, Karel (Author)
Format: Article
Language:Slovak
ISSN:1337-0146
Subjects:

MARC

LEADER 00000nab a2200000 ar4500
001 vtls009003848
003 SK-MaSNL
005 20260303065612.0
008 070628c2007 xo mr|p|||||||000 b|slo
015 |a SNBRB2007/06  |2 snkbucl 
038 |a SNKBUCL 
040 |a SNKBUCL  |b slo  |c SNKBUCL  |e AACR2 
041 0 |a slo 
044 |a xo  |c SK 
080 |a 336.71:339.37  |2 2001 
100 1 |a Machala, Karel  |4 aut  |9 846360 
245 1 0 |a Trendy vo svete retailových bánk  |c Karel Machala 
650 0 7 |a retailové bankovníctvo  |2 snkbucl  |9 1032087 
773 0 |t Financie  |g Roč. II., č. 5 (2007), s. 20-21  |x 1337-0146 
852 |a SNK  |b KIS3GCP 
999 |c 1751876  |d 1753806